Linear Algebra for Physics

Сохранить в:
Библиографические подробности
Главный автор: Papadopoulos
Формат:
Опубликовано: Springer
Метки: Добавить метку
Нет меток, Требуется 1-ая метка записи!

MARC

LEADER 00000nam a2200000Ia 4500
005 20260513122052.0
020 |a 9783031649073 
100 |a Papadopoulos 
365 |c € 
365 |b 28.00 
942 |c BK 
245 |a Linear Algebra for Physics 
260 |b Springer 
999 |c 66  |d 66 
952 |0 0  |1 0  |4 0  |7 0  |a UNSW  |b UNSW  |d 2026-05-08  |g 74.99  |i 16697  |l 0  |p 000156  |r 2026-05-13 12:20:52  |v 74.99  |w 2026-05-13  |y BK